[Event "Open SSM A Agosto"]
[Site "Milano ITA"]
[Date "2011.07.29"]
[Round "1"]
[White "Quaranta, Cristiano"]
[Black "Moroni, Luca jr"]
[Result "1/2-1/2"]
[WhiteElo "2140"]
[BlackElo "1964"]
[PlyCount "84"]
[EventDate "2011.07.29"]

1. d4 d5 2. c4 e6 3. Nf3 Nf6 4. g3 dxc4 5. Bg2 Be7 6. O-O O-O 7. Ne5 Nbd7 8.
Nxc4 Nb6 9. Ne5 c5 10. dxc5 Bxc5 11. Qxd8 Rxd8 12. Nc3 Bd4 13. Nf3 Bxc3 14.
bxc3 Nfd5 15. Bd2 Nc4 16. Rfd1 Bd7 17. Be1 Rac8 18. Nd4 Ba4 19. Rdb1 b6 20. e4
Nf6 21. Rb4 Be8 22. Bf1 Ne5 23. Ba6 Rc5 24. f4 Nc6 25. Nxc6 Bxc6 26. Rd4 Re8
27. e5 Nd5 28. Rc1 Ba8 29. Bf1 Rec8 30. Ba6 Re8 31. Bf1 g6 32. Bg2 Rec8 33. Kf2
b5 34. a3 a6 35. Bf3 h5 36. Rcd1 Kg7 37. R1d3 a5 38. a4 Bc6 39. Bxd5 Bxd5 40.
axb5 Rxb5 41. Rd1 Kf8 42. Ra1 Ke7 1/2-1/2

[Event "Open SSM A Agosto"]
[Site "Milano ITA"]
[Date "2011.07.29"]
[Round "1"]
[White "Di Chiara, Mauro"]
[Black "Cani, Gazmir"]
[Result "0-1"]
[WhiteElo "1951"]
[BlackElo "2114"]
[PlyCount "100"]
[EventDate "2011.07.29"]

1. d4 Nf6 2. Nf3 g6 3. c4 Bg7 4. Nc3 d5 5. cxd5 Nxd5 6. e4 Nxc3 7. bxc3 c5 8.
Rb1 O-O 9. Be2 cxd4 10. cxd4 Qa5+ 11. Qd2 Qxd2+ 12. Bxd2 b6 13. O-O Bb7 14. Bd3
e6 15. Rfc1 Nc6 16. d5 exd5 17. exd5 Ne5 18. Be4 Rad8 19. Nxe5 Bxe5 20. Bh6
Rfe8 21. Rd1 Bxh2+ 22. Kxh2 Rxe4 23. Kg3 Rxd5 24. Rbc1 f5 25. Rxd5 Bxd5 26.
Rc8+ Kf7 27. f3 Re7 28. a3 b5 29. Bd2 Rd7 30. Rh8 Ke6 31. Re8+ Kd6 32. Bb4+ Kc6
33. f4 Kb6 34. Rb8+ Bb7 35. Kf2 a5 36. Bc3 Rd3 37. Bxa5+ Kxa5 38. Rxb7 Rxa3 39.
Ra7+ Kb4 40. Rxh7 Kc4 41. Rg7 Ra6 42. Rc7+ Kb3 43. Rb7 b4 44. Ke3 Kc3 45. Rc7+
Kb2 46. Rb7 b3 47. Kd2 Rd6+ 48. Ke2 Kc2 49. Rc7+ Kb1 50. Rb7 b2 0-1

[Event "Open SSM A Agosto"]
[Site "Milano ITA"]
[Date "2011.07.29"]
[Round "1"]
[White "Cazzaniga, Walter"]
[Black "Bisignano, Giuseppe"]
[Result "1-0"]
[WhiteElo "2088"]
[BlackElo "1921"]
[PlyCount "69"]
[EventDate "2011.07.29"]

1. d4 Nf6 2. c4 e6 3. Nf3 c5 4. g3 cxd4 5. Nxd4 Qc7 6. Nc3 Bb4 7. Qb3 Bxc3+ 8.
Qxc3 d5 9. Nb5 Qc6 10. Bf4 Na6 11. Nd6+ Ke7 12. Bg2 Bd7 13. Qe5 Qc5 14. O-O Bc6
15. Nf5+ Kd8 16. Nxg7 Nd7 17. Nxe6+ fxe6 18. Qxh8+ Qf8 19. Qxh7 Nf6 20. Bg5 Nc5
21. cxd5 exd5 22. Qf5 Ncd7 23. e4 dxe4 24. Rfd1 Kc7 25. Rac1 Re8 26. Bf4+ Kb6
27. b4 a6 28. Qa5+ Ka7 29. Rxc6 bxc6 30. Qc7+ Ka8 31. Qxc6+ Ka7 32. Qc7+ Ka8
33. Rd6 Nb8 34. Rb6 Re7 35. Rxb8+ 1-0

[Event "Open SSM A Agosto"]
[Site "Milano ITA"]
[Date "2011.07.29"]
[Round "1"]
[White "Rossi, Giampiero"]
[Black "Bemporad, Filippo"]
[Result "0-1"]
[WhiteElo "1917"]
[BlackElo "2068"]
[PlyCount "98"]
[EventDate "2011.07.29"]

1. d4 Nf6 2. c4 e6 3. Nc3 d5 4. cxd5 Nxd5 5. e4 Nxc3 6. bxc3 Be7 7. Nf3 b6 8.
Be3 Bb7 9. Bd3 Nd7 10. O-O O-O 11. Qe2 Re8 12. Nd2 c5 13. f3 Rc8 14. Nb3 Qc7
15. Bb5 Red8 16. Bxd7 Rxd7 17. dxc5 bxc5 18. Rfd1 Bd6 19. g3 Rcd8 20. Rd2 Be7
21. Rad1 Rxd2 22. Rxd2 Rxd2 23. Qxd2 f5 24. exf5 exf5 25. Qf2 c4 26. Nd4 Bf6
27. Qd2 Qd7 28. Kf2 Qd5 29. Qe2 h6 30. Ke1 a6 31. Kf2 g5 32. Ke1 Kh7 33. Kf2
Kg6 34. Ke1 h5 35. Kf2 g4 36. fxg4 hxg4 37. Ke1 Qe4 38. Kd2 Bd5 39. Nc2 a5 40.
Bd4 Bg5+ 41. Be3 Bf6 42. Bd4 Qh1 43. Bxf6 Kxf6 44. Ne3 Be6 45. Nc2 Bd5 46. Ne3
Bf3 47. Qxc4 Qxh2+ 48. Kc1 Qxg3 49. Qd4+ Qe5 0-1

[Event "Open SSM A Agosto"]
[Site "Milano ITA"]
[Date "2011.07.29"]
[Round "1"]
[White "Gonella, Daniele"]
[Black "Regorda, Vittorio"]
[Result "1-0"]
[WhiteElo "2067"]
[BlackElo "1880"]
[PlyCount "71"]
[EventDate "2011.07.29"]

1. e4 e6 2. d4 d5 3. Nc3 dxe4 4. Nxe4 Nd7 5. Nf3 Ngf6 6. Ng3 Be7 7. Bd3 b6 8.
O-O Bb7 9. Ne5 O-O 10. Qe2 c5 11. c3 Qc7 12. Bf4 Bd6 13. Nh5 Bxe5 14. Nxf6+
Nxf6 15. Bxe5 Qc6 16. f4 Nd7 17. Rac1 f6 18. Bb5 Qxg2+ 19. Qxg2 Bxg2 20. Kxg2
fxe5 21. Bxd7 exd4 22. Bxe6+ Kh8 23. cxd4 cxd4 24. Rcd1 Rad8 25. Rd3 Rd6 26.
Bb3 g6 27. Kg3 Kg7 28. Rfd1 Rfd8 29. Rc1 Kf6 30. Ba4 a6 31. Rc6 b5 32. Rxd6+
Rxd6 33. Bb3 h6 34. Kf3 Kf5 35. Bc2 Rc6 36. Rc3+ 1-0

[Event "Open SSM A Agosto"]
[Site "Milano ITA"]
[Date "2011.07.29"]
[Round "1"]
[White "Miracola, Massimiliano"]
[Black "Tagliaferri, Valerio"]
[Result "1-0"]
[WhiteElo "2038"]
[BlackElo "1859"]
[PlyCount "55"]
[EventDate "2011.07.29"]

1. e4 e6 2. d4 d5 3. Nc3 Nf6 4. e5 Nfd7 5. Nf3 c5 6. dxc5 Bxc5 7. Bd3 Nc6 8.
Bf4 a6 9. Qe2 Nd4 10. Nxd4 Bxd4 11. O-O Qh4 12. Bg3 Qg5 13. h4 Qh6 14. Rae1 Nc5
15. Nd1 O-O 16. Qg4 Nxd3 17. cxd3 Bb6 18. d4 Qd2 19. Bf4 Qxd4 20. Qg3 Kh8 21.
h5 h6 22. a3 Qc4 23. Ne3 Qb3 24. Qh4 Bd7 25. Bxh6 Bb5 26. Bxg7+ Kh7 27. Qf6
Bxe3 28. Rxe3 1-0

[Event "Open SSM A Agosto"]
[Site "Milano ITA"]
[Date "2011.07.29"]
[Round "1"]
[White "D'Avino, Luca"]
[Black "Rota, Simone"]
[Result "1/2-1/2"]
[WhiteElo "1848"]
[BlackElo "2020"]
[PlyCount "39"]
[EventDate "2011.07.29"]

1. e4 c5 2. Nf3 d6 3. d4 cxd4 4. Nxd4 Nf6 5. Nc3 e6 6. Be2 Be7 7. O-O O-O 8. f4
Nc6 9. Kh1 Bd7 10. Be3 Nxd4 11. Bxd4 Bc6 12. Bf3 Qc7 13. Qe1 b5 14. Qg3 b4 15.
Nd1 Ne8 16. Nf2 Bf6 17. e5 Be7 18. Ne4 d5 19. Nf6+ Kh8 20. Ng4 1/2-1/2

[Event "Open SSM A Agosto"]
[Site "Milano ITA"]
[Date "2011.07.29"]
[Round "1"]
[White "Pelizzola, Danilo"]
[Black "Villalba, Fernando"]
[Result "0-1"]
[WhiteElo "2016"]
[BlackElo "1817"]
[PlyCount "68"]
[EventDate "2011.07.29"]

1. e4 c5 2. Nf3 Nc6 3. b3 d6 4. Bb2 Nf6 5. d3 g6 6. g3 Bg7 7. Bg2 O-O 8. O-O e5
9. Nbd2 Bd7 10. Nc4 Qc7 11. Ne3 b5 12. Qd2 b4 13. a4 a5 14. Rae1 Nd4 15. Nc4
Bc6 16. Qd1 Rab8 17. Bc1 Bd7 18. Nxd4 cxd4 19. Bd2 Be6 20. f4 Bxc4 21. dxc4 Nd7
22. f5 f6 23. fxg6 hxg6 24. Qg4 g5 25. Qe6+ Kh8 26. h4 Nc5 27. Qd5 gxh4 28. Rf5
Rf7 29. Bh3 Kg8 30. Rh5 Kf8 31. Rf1 Ke7 32. Bg5 Qb7 33. Rxf6 Qxd5 34. Rg6+ Bf6
0-1

[Event "Open SSM A Agosto"]
[Site "Milano ITA"]
[Date "2011.07.29"]
[Round "1"]
[White "Poletto, Daniele"]
[Black "Swannie, Douglas"]
[Result "1/2-1/2"]
[WhiteElo "1803"]
[BlackElo "1984"]
[PlyCount "90"]
[EventDate "2011.07.29"]

1. c4 c5 2. Nc3 Nc6 3. g3 g6 4. Bg2 Bg7 5. e4 e5 6. Nge2 Nge7 7. d3 d6 8. O-O
O-O 9. Be3 Nd4 10. f4 Bh6 11. Qd2 Bg4 12. h3 Bxe2 13. Nxe2 Nxe2+ 14. Qxe2 Nc6
15. Rab1 f6 16. a3 a5 17. b3 Qe7 18. f5 Bxe3+ 19. Qxe3 g5 20. h4 h6 21. hxg5
hxg5 22. Kf2 Kg7 23. Rh1 Rh8 24. Qd2 Qf7 25. g4 Rxh1 26. Rxh1 Rh8 27. Bf3 Rxh1
28. Bxh1 Kg8 29. Bf3 Qh7 30. Kg2 Qh4 31. Qf2 Qxf2+ 32. Kxf2 a4 33. bxa4 Kf8 34.
Bd1 Ke8 35. Ke3 Kd8 36. Kd2 Kc7 37. Kc3 Kb6 38. Bc2 Ka5 39. Bd1 Nb8 40. Bc2 Nd7
41. Bd1 Nb6 42. Bc2 Nxa4+ 43. Bxa4 Kxa4 44. Kb2 Ka5 45. Kb3 Kb6 1/2-1/2

[Event "Open SSM A Agosto"]
[Site "Milano ITA"]
[Date "2011.07.30"]
[Round "2"]
[White "Martinez, Rolly"]
[Black "Gonella, Daniele"]
[Result "1/2-1/2"]
[WhiteElo "2419"]
[BlackElo "2067"]
[PlyCount "126"]
[EventDate "2011.07.29"]

1. e4 e5 2. Nf3 Nc6 3. Nc3 Bc5 4. Nxe5 Nxe5 5. d4 Bd6 6. dxe5 Bxe5 7. Qd3 Qh4
8. Bd2 Bxc3 9. Bxc3 Nf6 10. g3 Qxe4+ 11. Qxe4+ Nxe4 12. Bxg7 Rg8 13. Bd4 d5 14.
f3 Nd6 15. O-O-O Be6 16. g4 O-O-O 17. Bd3 f5 18. Bf6 Rde8 19. g5 Bd7 20. h4 Re3
21. Rdf1 c5 22. Rf2 Bc6 23. h5 Rge8 24. Kd2 d4 25. Rhf1 R3e6 26. Re2 Re3 27.
Ref2 R3e6 28. h6 b5 29. Re2 Kd7 30. b4 cxb4 31. Rxe6 Rxe6 32. Bxd4 a5 33. Rg1
Rg6 34. Ke3 Bd5 35. Bc5 Bxa2 36. Bxd6 Kxd6 37. Bxf5 Bf7 38. f4 a4 39. Rd1+ Kc5
40. Ke4 Rd6 41. Rg1 Bg8 42. g6 hxg6 43. Bxg6 a3 44. h7 Bd5+ 45. Ke5 Rd8 46. Ra1
a2 47. Kf6 b3 48. cxb3 Bxb3 49. Kg7 Kb4 50. h8=Q Rxh8 51. Kxh8 Ka3 52. Bb1 b4
53. f5 Kb2 54. Bxa2 Bxa2 55. Re1 Bc4 56. f6 b3 57. Re4 Bd5 58. Rd4 Be6 59. Rd6
Bc4 60. Kg7 Ka2 61. Rd4 Be6 62. Rd6 Bc4 63. Rc6 Bd5 1/2-1/2

[Event "Open SSM A Agosto"]
[Site "Milano ITA"]
[Date "2011.07.30"]
[Round "2"]
[White "Cani, Gazmir"]
[Black "Miracola, Massimiliano"]
[Result "1-0"]
[WhiteElo "2114"]
[BlackElo "2038"]
[PlyCount "41"]
[EventDate "2011.07.29"]

1. e4 c5 2. Nc3 d6 3. f4 g6 4. Nf3 Bg7 5. Bc4 Nc6 6. O-O e6 7. d3 Nge7 8. Qe1
O-O 9. f5 gxf5 10. Qh4 fxe4 11. Ng5 h6 12. Nxf7 Rxf7 13. Rxf7 Kxf7 14. Bxh6 d5
15. Rf1+ Kg8 16. Qg5 Nf5 17. Rxf5 Qe7 18. Nxd5 exd5 19. Bxd5+ Kh7 20. Qh5 Bxf5
21. Bg5+ 1-0

[Event "Open SSM A Agosto"]
[Site "Milano ITA"]
[Date "2011.07.30"]
[Round "2"]
[White "Gongalov, Bojan"]
[Black "Cazzaniga, Walter"]
[Result "1-0"]
[WhiteElo "2045"]
[BlackElo "2088"]
[PlyCount "73"]
[EventDate "2011.07.29"]

1. c4 Nf6 2. e3 g6 3. b4 Bg7 4. Bb2 O-O 5. h4 d5 6. cxd5 Qxd5 7. Nc3 Qf5 8. d4
e5 9. Bd3 e4 10. Be2 Nc6 11. a3 Ne7 12. Nh3 Ned5 13. Nxd5 Nxd5 14. Ng5 Re8 15.
g4 Qf6 16. Qc2 Qe7 17. Rc1 c6 18. Qc5 Qd8 19. b5 Bf8 20. Qc2 h6 21. Nxe4 Qe7
22. Ng3 Bd7 23. h5 Qd6 24. hxg6 Qxg6 25. Nf5 cxb5 26. Bd3 Qxg4 27. Kf1 Qf3 28.
Rg1+ Kh8 29. Rg3 Qh1+ 30. Ke2 Qh5+ 31. Kd2 Rac8 32. Qd1 Qxd1+ 33. Rxd1 Bxf5 34.
Bxf5 Rc7 35. Rdg1 Be7 36. Rh1 Bf8 37. e4 1-0

[Event "Open SSM A Agosto"]
[Site "Milano ITA"]
[Date "2011.08.02"]
[Round "2"]
[White "Bemporad, Filippo"]
[Black "Villalba, Fernando"]
[Result "1-0"]
[WhiteElo "2068"]
[BlackElo "1817"]
[PlyCount "135"]
[EventDate "2011.07.29"]

1. d4 Nf6 2. Nf3 e6 3. c4 Bb4+ 4. Nbd2 d5 5. e3 c6 6. Bd3 O-O 7. O-O Nbd7 8. b3
Be7 9. Bb2 h6 10. Rc1 a5 11. a3 c5 12. Ne5 cxd4 13. exd4 dxc4 14. Ndxc4 Nb6 15.
Nxb6 Qxb6 16. Nc4 Qd8 17. Qe2 b6 18. Ne5 Bb7 19. Nc6 Qd7 20. Bb5 Qd6 21. d5
Bxc6 22. dxc6 Qc7 23. Rfd1 Rfd8 24. Be5 Bd6 25. Rxd6 Rxd6 26. Qc4 Rad8 27. Bxd6
Rxd6 28. b4 axb4 29. axb4 Rd5 30. Ba4 Rh5 31. h3 Rd5 32. Bd1 Ne8 33. Bf3 Rd6
34. Ra1 Rd8 35. Ra6 Rb8 36. Qa2 Qf4 37. Qb2 Nc7 38. Ra7 Nb5 39. Rd7 Nc7 40. Rd4
Qf6 41. Qd2 Ra8 42. Rd7 Qa1+ 43. Kh2 Qe5+ 44. g3 Rc8 45. Bg2 Na6 46. Rd8+ Rxd8
47. Qxd8+ Kh7 48. Qxb6 Nc7 49. Bf3 f5 50. Qa5 Qd6 51. Kg2 g5 52. Qa7 Kg6 53. b5
g4 54. hxg4 fxg4 55. Be4+ Kf6 56. Qa1+ e5 57. b6 Ne6 58. c7 Nxc7 59. bxc7 Qxc7
60. Qa6+ Ke7 61. Qxh6 Qc3 62. Qg7+ Kd6 63. Qxg4 Qd4 64. Qg6+ Kc5 65. Qc6+ Kb4
66. g4 Qd2 67. Bf3 Qd4 68. Qe4 1-0

[Event "Open SSM A Agosto"]
[Site "Milano ITA"]
[Date "2011.07.30"]
[Round "2"]
[White "Swannie, Douglas"]
[Black "Quaranta, Cristiano"]
[Result "0-1"]
[WhiteElo "1984"]
[BlackElo "2140"]
[PlyCount "94"]
[EventDate "2011.07.29"]

1. d4 d5 2. c4 c6 3. Nf3 e6 4. e3 Nf6 5. b3 Nbd7 6. Bb2 b6 7. Bd3 Bb7 8. O-O
Be7 9. Nc3 O-O 10. Qc2 c5 11. Ne5 Rc8 12. Rad1 Qc7 13. f4 Rfd8 14. cxd5 exd5
15. Qe2 cxd4 16. exd4 Nf8 17. f5 Re8 18. Rc1 Qd8 19. Nb5 Rxc1 20. Rxc1 N8d7 21.
Rc7 Nxe5 22. dxe5 Bc5+ 23. Kh1 Qb8 24. e6 Re7 25. exf7+ Kf8 26. Rxe7 Bxe7 27.
Bxf6 Bxf6 28. Nc7 Kxf7 29. Qe6+ Kf8 30. Bb5 Qd8 31. Qe2 Qe7 32. Ne6+ Kg8 33.
Qh5 Bc8 34. Qe8+ Qxe8 35. Bxe8 d4 36. Kg1 Be5 37. Kf2 g6 38. g4 gxf5 39. gxf5
Ba6 40. Bh5 Bd3 41. Be2 Bxf5 42. Bc4 Kh8 43. a4 h6 44. Ke2 d3+ 45. Kd2 Bxh2 46.
Kc3 Be5+ 47. Kd2 h5 0-1

[Event "Open SSM A Agosto"]
[Site "Milano ITA"]
[Date "2011.07.30"]
[Round "2"]
[White "Rota, Simone"]
[Black "Poletto, Daniele"]
[Result "1-0"]
[WhiteElo "2020"]
[BlackElo "1803"]
[PlyCount "87"]
[EventDate "2011.07.29"]

1. d4 Nf6 2. c4 g6 3. Nf3 Bg7 4. Nc3 O-O 5. e4 d6 6. Be2 e5 7. O-O exd4 8. Nxd4
Re8 9. Bf3 Nbd7 10. Bg5 h6 11. Bh4 g5 12. Bg3 Nc5 13. Nf5 Ncxe4 14. Nxg7 Kxg7
15. Qd4 c5 16. Qd3 Nxg3 17. fxg3 Ng4 18. Nb5 Ne5 19. Qxd6 Qxd6 20. Nxd6 Nxf3+
21. Rxf3 Re7 22. Raf1 Be6 23. b3 b6 24. Re3 Rd7 25. Nb5 a6 26. Nc3 Rad8 27. Na4
Rd2 28. Nxb6 Rxa2 29. Ref3 Rdd2 30. R3f2 Rxf2 31. Rxf2 Ra1+ 32. Rf1 Ra3 33. Rb1
Bf5 34. Rb2 Ra1+ 35. Kf2 Rd1 36. Na4 Rd6 37. Nxc5 Rb6 38. Ra2 Bc8 39. Ke3 Kf6
40. h3 Ke5 41. Nd3+ Kf6 42. Nc5 Ke5 43. Ra5 f5 44. Nd7+ 1-0

[Event "Open SSM A Agosto"]
[Site "Milano ITA"]
[Date "2011.07.30"]
[Round "2"]
[White "Moroni, Luca jr"]
[Black "D'Avino, Luca"]
[Result "1-0"]
[WhiteElo "1964"]
[BlackElo "1848"]
[PlyCount "83"]
[EventDate "2011.07.29"]

1. e4 c5 2. Nf3 e6 3. d4 cxd4 4. Nxd4 Nf6 5. Nc3 d6 6. Be2 a6 7. O-O Be7 8. Be3
O-O 9. f4 Qc7 10. Qe1 Nc6 11. Qg3 Nxd4 12. Bxd4 b5 13. a3 Bb7 14. Rae1 d5 15.
e5 Bc5 16. Qe3 Bxd4 17. Qxd4 Ne4 18. Nxe4 dxe4 19. c3 Rad8 20. Qe3 Rd7 21. Rd1
Rfd8 22. Rxd7 Rxd7 23. Rd1 Rxd1+ 24. Bxd1 Bd5 25. Qd4 g6 26. g3 h5 27. Kf2 h4
28. Bc2 hxg3+ 29. hxg3 f5 30. exf6 Qh7 31. f7+ Qxf7 32. Bxe4 Bxe4 33. Qxe4 Qa7+
34. Kg2 Kf7 35. g4 Qd7 36. Qd4 Qc6+ 37. Kg3 Qh1 38. Qd7+ Kf8 39. Qxe6 Qg1+ 40.
Kh4 Qf2+ 41. Kg5 Qxb2 42. Kxg6 1-0

[Event "Open SSM A Agosto"]
[Site "Milano ITA"]
[Date "2011.07.30"]
[Round "2"]
[White "Pelizzola, Danilo"]
[Black "Rossi, Giampiero"]
[Result "1-0"]
[WhiteElo "2016"]
[BlackElo "1917"]
[PlyCount "101"]
[EventDate "2011.07.29"]

1. e4 c5 2. Nf3 e6 3. d4 cxd4 4. Nxd4 a6 5. g3 Nf6 6. Bg2 Be7 7. O-O d6 8. c4
O-O 9. Nc3 Qc7 10. b3 Bd7 11. Bb2 Nc6 12. Rc1 Rfc8 13. Nd5 Qd8 14. Nxe7+ Qxe7
15. Ba3 Ne8 16. f4 Nxd4 17. Qxd4 Bc6 18. Rfd1 Rd8 19. Qc3 Qc7 20. Bb2 Rac8 21.
Qe3 b6 22. Bd4 Rb8 23. e5 Bxg2 24. Kxg2 Qb7+ 25. Kf2 d5 26. cxd5 Rxd5 27. Bc3
Qd7 28. Rxd5 Qxd5 29. Qd4 Nc7 30. Bb2 Qxd4+ 31. Bxd4 Nd5 32. a3 Kf8 33. Kf3 Ke7
34. Ke4 Kd7 35. f5 Rc8 36. Rf1 Rc2 37. h3 b5 38. Rf3 Ra2 39. b4 Rc2 40. g4 Rc4
41. h4 Ne7 42. Kd3 Nc6 43. Rf4 exf5 44. gxf5 Rxd4+ 45. Rxd4+ Nxd4 46. Kxd4 g6
47. Ke4 Kc6 48. Ke3 Kd5 49. Kf4 h6 50. e6 fxe6 51. fxg6 1-0

[Event "Open SSM A Agosto"]
[Site "Milano ITA"]
[Date "2011.07.30"]
[Round "2"]
[White "Regorda, Vittorio"]
[Black "Guzzetti, Luigi Enrico"]
[Result "0-1"]
[WhiteElo "1880"]
[BlackElo "1962"]
[PlyCount "108"]
[EventDate "2011.07.29"]

1. d4 Nf6 2. g3 g6 3. c4 Bg7 4. Nc3 O-O 5. e4 d6 6. f3 c6 7. Be3 Qc7 8. Bd3
Nbd7 9. Nge2 a6 10. a4 c5 11. d5 Ne5 12. Kf2 e6 13. a5 exd5 14. cxd5 Nh5 15.
Qd2 f5 16. exf5 Bxf5 17. Bxf5 Rxf5 18. Bf4 Nc4 19. Qc1 Nxf4 20. gxf4 Nxa5 21.
Ra4 Nb3 22. Qe3 Nd4 23. Ng3 Rff8 24. Kg2 b5 25. Ra2 b4 26. Nce2 Rae8 27. Qd2
Nxe2 28. Nxe2 a5 29. Re1 c4 30. Raa1 c3 31. bxc3 bxc3 32. Qd3 Qc5 33. Ng3 c2
34. Rxe8 Rxe8 35. Rc1 Rc8 36. Ne4 Qc7 37. Qa3 Qc4 38. Qxd6 Qe2+ 39. Kg3 Re8 40.
Qc6 Rxe4 41. Rxc2 Qe1+ 42. Kh3 Rxf4 43. Qe6+ Qxe6+ 44. dxe6 Rxf3+ 45. Kg4 Re3
46. Rc8+ Bf8 47. Ra8 Rxe6 48. Rxa5 Kg7 49. Ra4 h5+ 50. Kf4 Bd6+ 51. Kf3 Kf6 52.
h4 Be5 53. Re4 Rc6 54. Ra4 Rc3+ 0-1

[Event "Open SSM A Agosto"]
[Site "Milano ITA"]
[Date "2011.07.30"]
[Round "2"]
[White "Tagliaferri, Valerio"]
[Black "Di Chiara, Mauro"]
[Result "0-1"]
[WhiteElo "1859"]
[BlackElo "1951"]
[PlyCount "84"]
[EventDate "2011.07.29"]

1. e4 d6 2. d4 Nf6 3. Nc3 g6 4. Bc4 Bg7 5. Nge2 O-O 6. f3 c6 7. Bb3 e5 8. Be3
Qe7 9. Qd2 Nbd7 10. O-O-O b5 11. a3 a5 12. Nb1 Bb7 13. dxe5 dxe5 14. Qd6 Qxd6
15. Rxd6 Rfc8 16. Rhd1 Rc7 17. Nec3 Bf8 18. R6d2 a4 19. Ba2 b4 20. Ne2 c5 21.
Bc4 Ba6 22. Bxa6 Rxa6 23. c4 Nb6 24. Rc2 Ra8 25. axb4 Rb8 26. b5 Ne8 27. Na3
Nd6 28. Kd2 Rd8 29. Kc3 Nxe4+ 30. fxe4 Rxd1 31. Bg5 Rcd7 32. Nc1 R7d4 33. b3
Rxe4 34. h3 Bg7 35. Be7 Re3+ 36. Kb2 e4+ 37. Ka2 axb3+ 38. Nxb3 Na4 39. Nb1
Rxb1 40. Kxb1 Rxb3+ 41. Ka2 Rd3 42. Re2 Nc3+ 0-1

[Event "Open SSM A Agosto"]
[Site "Milano ITA"]
[Date "2011.07.30"]
[Round "2"]
[White "Bisignano, Giuseppe"]
[Black "Papale, Carmelo"]
[Result "0-1"]
[WhiteElo "1921"]
[BlackElo "1873"]
[PlyCount "51"]
[EventDate "2011.07.29"]

1. e4 c5 2. Nf3 d6 3. d4 cxd4 4. Nxd4 Nf6 5. Nc3 a6 6. h3 e5 7. Nb3 Be6 8. Be3
Be7 9. Be2 O-O 10. O-O Nbd7 11. f4 Rc8 12. f5 Bc4 13. Nd2 Bxe2 14. Qxe2 b5 15.
Rad1 b4 16. Na4 Qa5 17. b3 Rxc2 18. Qd3 Rfc8 19. Nf3 Qb5 20. Bg5 Qxd3 21. Rxd3
Rxa2 22. Bxf6 Nxf6 23. Rd2 Rcc2 24. Rfd1 Nd7 25. g3 Kf8 26. h4 0-1

[Event "Open SSM A Agosto"]
[Site "Milano ITA"]
[Date "2011.07.31"]
[Round "3"]
[White "Bemporad, Filippo"]
[Black "Cani, Gazmir"]
[Result "0-1"]
[WhiteElo "2068"]
[BlackElo "2114"]
[PlyCount "72"]
[EventDate "2011.07.29"]

1. d4 Nf6 2. Nf3 c5 3. c4 cxd4 4. Nxd4 e5 5. Nb5 d5 6. cxd5 Bc5 7. e3 O-O 8.
Be2 Nxd5 9. O-O Nc6 10. a3 Be6 11. b4 Bb6 12. N1c3 Nxc3 13. Nxc3 Qg5 14. Bb2
Rad8 15. Qc1 Rc8 16. Bf3 Qh4 17. Qd2 Rfd8 18. Qe2 Bc4 19. Qc2 Bxf1 20. Rxf1 Qg5
21. Qb3 Rc7 22. a4 Rcd7 23. a5 Bd4 24. Ne4 Qe7 25. exd4 Nxd4 26. Bxd4 exd4 27.
Nc5 Rc7 28. g3 b6 29. axb6 axb6 30. Ne4 Kh8 31. b5 f5 32. Nd2 Rc3 33. Qb1 Qg5
34. Rd1 Qf6 35. Bc6 d3 36. Qb2 Rxc6 0-1

[Event "Open SSM A Agosto"]
[Site "Milano ITA"]
[Date "2011.07.31"]
[Round "3"]
[White "Quaranta, Cristiano"]
[Black "Gongalov, Bojan"]
[Result "1/2-1/2"]
[WhiteElo "2140"]
[BlackElo "2045"]
[PlyCount "48"]
[EventDate "2011.07.29"]

1. d4 Nf6 2. c4 g6 3. Nc3 d5 4. Nf3 Bg7 5. Bg5 Ne4 6. Bh4 Nxc3 7. bxc3 c5 8. e3
cxd4 9. cxd4 O-O 10. cxd5 Qxd5 11. Be2 Nc6 12. O-O e5 13. dxe5 Qxd1 14. Rfxd1
Nxe5 15. Rab1 Nc6 16. Bg3 Re8 17. Bb5 Bf5 18. Rbc1 Red8 19. Rxd8+ Rxd8 20. h3
Be4 21. Bc4 Bd5 22. Bh4 Rd7 23. Rd1 Be6 24. Rxd7 Bxd7 1/2-1/2

[Event "Open SSM A Agosto"]
[Site "Milano ITA"]
[Date "2011.07.31"]
[Round "3"]
[White "Rota, Simone"]
[Black "Martinez, Rolly"]
[Result "0-1"]
[WhiteElo "2020"]
[BlackElo "2419"]
[PlyCount "88"]
[EventDate "2011.07.29"]

1. d4 Nf6 2. Nf3 e6 3. c4 b6 4. e3 Bb7 5. Bd3 c5 6. O-O Be7 7. b3 O-O 8. Nbd2
d6 9. Bb2 Nbd7 10. Qe2 Rc8 11. Rac1 Qc7 12. Bb1 Rfe8 13. dxc5 bxc5 14. e4 e5
15. Ne1 Nf8 16. Nc2 Ne6 17. Ne3 Bf8 18. Nd5 Nxd5 19. exd5 Nd4 20. Qd3 g6 21.
Ne4 Qd8 22. f3 f5 23. Nf2 Bh6 24. Rce1 Rc7 25. Kh1 Qh4 26. g3 Qf6 27. Kg2 Bc8
28. b4 Bf8 29. b5 h5 30. h3 h4 31. g4 Bh6 32. Bc1 Bxc1 33. Rxc1 Qg5 34. Rce1 e4
35. fxe4 fxg4 36. Nxg4 Bxg4 37. hxg4 Qxg4+ 38. Kh2 Rf7 39. Rxf7 Kxf7 40. Rf1+
Kg7 41. Qh3 Qe2+ 42. Kg1 Re5 43. Qg2 Qe3+ 44. Kh1 Rg5 0-1

[Event "Open SSM A Agosto"]
[Site "Milano ITA"]
[Date "2011.07.31"]
[Round "3"]
[White "Gonella, Daniele"]
[Black "Moroni, Luca jr"]
[Result "0-1"]
[WhiteElo "2067"]
[BlackElo "1964"]
[PlyCount "130"]
[EventDate "2011.07.29"]

1. Nf3 d5 2. g3 Nf6 3. Bg2 c5 4. d4 cxd4 5. Nxd4 g6 6. c4 Bg7 7. cxd5 Nxd5 8.
Nc2 Qa5+ 9. Qd2 Qxd2+ 10. Nxd2 Nb6 11. Rb1 Nc6 12. O-O O-O 13. b3 Bf5 14. e4
Bd7 15. Ba3 Rfe8 16. Rfd1 Rad8 17. Bc5 Bg4 18. f3 Be6 19. Bxb6 axb6 20. Bf1 Nd4
21. Nxd4 Bxd4+ 22. Kg2 Rc8 23. Nc4 Red8 24. a4 f6 25. Rd2 Bxc4 26. Bxc4+ Kg7
27. Bd5 e5 28. Bxb7 Rc3 29. Bd5 Rdc8 30. Bc4 Rd8 31. Rbd1 Rc8 32. Ra2 Ra8 33.
h4 h5 34. f4 Ra7 35. Rad2 Rd7 36. fxe5 fxe5 37. Rf1 Rc7 38. Rfd1 Rd7 39. Bd5
Rdc7 40. Rxd4 exd4 41. Rxd4 Kf6 42. Rb4 Re3 43. Rxb6+ Kg7 44. Kf2 Rcc3 45. Rb7+
Kf6 46. Rf7+ Ke5 47. a5 Kd4 48. a6 Rc2+ 49. Kf1 Ree2 50. Bc4 Rh2 51. Kg1 Rcg2+
52. Kf1 Ra2 53. Rd7+ Kc5 54. b4+ Kxc4 55. Kg1 Rhg2+ 56. Kf1 Rgb2 57. Rc7+ Kb5
58. Rc5+ Kb6 59. Rc1 Kxa6 60. e5 Rf2+ 61. Kg1 Rfe2 62. Kf1 Kb6 63. Rd1 Rad2 64.
e6 Rxd1+ 65. Kxe2 Rd6 0-1

[Event "Open SSM A Agosto"]
[Site "Milano ITA"]
[Date "2011.07.31"]
[Round "3"]
[White "Cazzaniga, Walter"]
[Black "Pelizzola, Danilo"]
[Result "1-0"]
[WhiteElo "2088"]
[BlackElo "2016"]
[PlyCount "107"]
[EventDate "2011.07.29"]

1. d4 Nf6 2. c4 e6 3. Nf3 b6 4. g3 Bb7 5. Bg2 Be7 6. O-O O-O 7. d5 exd5 8. Nh4
c5 9. Nc3 d6 10. Nf5 Na6 11. cxd5 Bc8 12. Nxe7+ Qxe7 13. e4 Bd7 14. Re1 Rad8
15. Qe2 Nc7 16. Bf4 Ng4 17. Rad1 f6 18. Bc1 Ne5 19. b3 Rfe8 20. h3 Bc8 21. f4
Ba6 22. Qe3 Nf7 23. Bb2 Qd7 24. Qf2 Rf8 25. Kh2 Rde8 26. g4 Bc8 27. Ne2 Qd8 28.
Ng3 Nh6 29. Qd2 Bd7 30. Bf3 Nf7 31. Nh5 Nh8 32. Ba1 Rf7 33. Rg1 g6 34. Nxf6+
Rxf6 35. Qb2 Nb5 36. g5 Nd4 37. Rxd4 cxd4 38. Qxd4 Nf7 39. gxf6 Qc8 40. h4 Qc2+
41. Rg2 Qc1 42. Kg3 Qe1+ 43. Rf2 h6 44. Bc3 Qc1 45. Rg2 Qh1 46. Rh2 Qc1 47. Rh1
Qa3 48. Re1 Qxa2 49. e5 dxe5 50. fxe5 Qxb3 51. e6 Rxe6 52. dxe6 Bxe6 53. Qe3
Bd5 54. Qe8+ 1-0

[Event "Open SSM A Agosto"]
[Site "Milano ITA"]
[Date "2011.07.31"]
[Round "3"]
[White "Miracola, Massimiliano"]
[Black "Di Chiara, Mauro"]
[Result "1/2-1/2"]
[WhiteElo "2038"]
[BlackElo "1951"]
[PlyCount "54"]
[EventDate "2011.07.29"]

1. e4 d6 2. d4 Nf6 3. Nc3 g6 4. f4 Bg7 5. Nf3 O-O 6. Bd3 Na6 7. O-O c5 8. d5
Nc7 9. a4 Bg4 10. h3 Bxf3 11. Qxf3 e6 12. dxe6 Nxe6 13. Ne2 d5 14. e5 Ne8 15.
f5 c4 16. fxe6 fxe6 17. Qg4 Qb6+ 18. Qd4 cxd3 19. Rxf8+ Kxf8 20. Qxb6 axb6 21.
cxd3 Bxe5 22. d4 Bg7 23. Bd2 Rc8 24. Rd1 e5 25. Bb4+ Kg8 26. dxe5 Bxe5 27. Nc3
Bxc3 1/2-1/2